[Event "Team men HL chess 2016"]
[Site "Sochi"]
[Date "2016.05.09"]
[Round "8.8"]
[White "Smirnov, Alexey"]
[Black "Palachev, Petr"]
[Result "1/2-1/2"]
[WhiteElo "2445"]
[BlackElo "2403"]
[PlyCount "83"]
[EventDate "2016.05.01"]

1. d4 e6 2. c4 Bb4+ 3. Nd2 d5 4. e3 Nf6 5. Ngf3 O-O 6. Bd3 b6 7. cxd5 exd5 8.
O-O Bb7 9. Ne5 Bd6 10. b3 Nbd7 11. Bb2 Qe7 12. f4 c5 13. Qf3 cxd4 14. exd4 Bb4
15. Rad1 Rac8 16. Qh3 Rc7 17. a3 Bxd2 18. Rxd2 Ne4 19. Bxe4 dxe4 20. d5 Nxe5
21. d6 Qd7 22. Qxd7 Nf3+ 23. gxf3 Rxd7 24. fxe4 Bxe4 25. Re1 f5 26. Rc1 Kf7 27.
Rc7 Ke6 28. Kf1 Rfd8 29. Bxg7 Rxd6 30. Rxd6+ Rxd6 31. Rxa7 Rd7 32. Rxd7 Kxd7
33. Bd4 Kc6 34. Kf2 Bc2 35. Kg3 b5 36. Kh4 Kd5 37. Be5 Bxb3 38. Kg5 Ke4 39. Kh6
Kf3 40. Kxh7 Kg4 41. Kg6 Bc2 42. Kf6 1/2-1/2

[Event "Team men HL chess 2016"]
[Site "Sochi"]
[Date "2016.05.09"]
[Round "8.8"]
[White "Mokshanov, Alexey"]
[Black "Babarykin, Stanislav"]
[Result "1-0"]
[WhiteElo "2425"]
[BlackElo "2396"]
[PlyCount "81"]
[EventDate "2016.05.01"]

1. e4 e5 2. Nf3 Nf6 3. Nxe5 d6 4. Nf3 Nxe4 5. c4 Nc6 6. Nc3 Nxc3 7. dxc3 Be7 8.
Bf4 Bf5 9. Be2 Qd7 10. O-O O-O 11. Nd4 Nxd4 12. Qxd4 Bf6 13. Qd2 Rfe8 14. Rfe1
Bg4 15. Bf1 a5 16. h3 Be6 17. c5 dxc5 18. Qxd7 Bxd7 19. Bxc7 a4 20. a3 Rxe1 21.
Rxe1 b5 22. Bd6 c4 23. Be5 Re8 24. f4 Bxe5 25. Rxe5 Rxe5 26. fxe5 f6 27. exf6
gxf6 28. Kf2 Kf7 29. Ke3 Ke6 30. Kf4 h6 31. h4 f5 32. g3 Kf6 33. Bg2 Be8 34.
Bd5 Bd7 35. Bb7 Ke6 36. Bg2 Kf6 37. Bf3 Be8 38. Bg2 Ke6 39. Bh3 Bg6 40. h5 Bh7
41. Bg2 1-0

[Event "Team men HL chess 2016"]
[Site "Sochi"]
[Date "2016.05.09"]
[Round "8.8"]
[White "Suslov, Evgeniy"]
[Black "Natacheev, Peter"]
[Result "1/2-1/2"]
[WhiteElo "2245"]
[BlackElo "2361"]
[PlyCount "139"]
[EventDate "2016.05.01"]

1. Nf3 g6 2. g3 Bg7 3. Bg2 e5 4. O-O d5 5. c4 c6 6. cxd5 cxd5 7. d3 Ne7 8. Nc3
O-O 9. Bg5 f6 10. Bd2 Nbc6 11. Qb3 Kh8 12. Rfc1 Rb8 13. a4 Be6 14. Qa3 a5 15.
Nb5 Qd7 16. Bxa5 e4 17. Nfd4 Bh6 18. Rc2 Rfc8 19. Bc3 exd3 20. exd3 Kg7 21.
Nxe6+ Qxe6 22. Re1 Qd7 23. Rce2 Ng8 24. Nd4 Ne5 25. f4 Nc6 26. Re6 Re8 27. Nxc6
bxc6 28. Bxf6+ Nxf6 29. Re7+ Kg8 30. Rxd7 Rxe1+ 31. Kf2 Rbe8 32. Be4 Nxd7 33.
Kxe1 dxe4 34. Qd6 exd3+ 35. Kd2 Nb8 36. Kxd3 Bf8 37. Qc7 Na6 38. Qb6 Nb4+ 39.
Kd2 Ra8 40. b3 Ra6 41. Qb7 Ra5 42. Ke2 Rc5 43. Qd7 Rc2+ 44. Kf3 Rxh2 45. g4
Rh3+ 46. Kg2 Re3 47. f5 Be7 48. a5 Kf7 49. Kf2 Re5 50. Qc7 Rc5 51. Qd7 gxf5 52.
gxf5 Re5 53. Kg3 h5 54. a6 Nxa6 55. Qxc6 Rxf5 56. Qxa6 h4+ 57. Kg4 Rg5+ 58. Kh3
Rg3+ 59. Kh2 Rc3 60. Qf1+ Bf6 61. b4 Ke6 62. Qa6+ Kf5 63. Qf1+ Kg6 64. Qb1+ Kg5
65. Qg1+ Kf4 66. b5 Be5 67. Qe1 Kf5+ 68. Kh1 Rh3+ 69. Kg1 Rg3+ 70. Kh1 1/2-1/2

[Event "Team men HL chess 2016"]
[Site "Sochi"]
[Date "2016.05.09"]
[Round "8.8"]
[White "Slavin, Alexey"]
[Black "Meshkov, Yuri A"]
[Result "1/2-1/2"]
[WhiteElo "2366"]
[BlackElo "2354"]
[PlyCount "109"]
[EventDate "2016.05.01"]

1. d4 Nf6 2. Bf4 c5 3. e3 g6 4. c3 b6 5. Qb3 Nc6 6. d5 Na5 7. Qd1 Bg7 8. Be2
O-O 9. Bf3 d6 10. Nd2 b5 11. Ne2 Nd7 12. Rc1 Nc4 13. Nxc4 bxc4 14. Qa4 Nb6 15.
Qc2 Bd7 16. O-O Qc8 17. Bg5 f6 18. Bh4 g5 19. Be4 h5 20. Bh7+ Kh8 21. Bg3 f5
22. Bg6 h4 23. Bxh4 gxh4 24. Nf4 Bf6 25. e4 Bg5 26. Qe2 Bxf4 27. Qh5+ Kg7 28.
Qh7+ Kf6 29. Rce1 fxe4 30. Rxe4 Nxd5 31. Rfe1 e5 32. g3 Be8 33. Bxe8 Rxe8 34.
Qxh4+ Bg5 35. Qh5 Qf5 36. Qd1 Ke6 37. Qa4 Nb6 38. Qc6 Bf6 39. f4 Rac8 40. Qb7
Re7 41. Qa6 Kd5 42. a4 Qd7 43. a5 Qb7 44. Qb5 Na8 45. Qxc4+ Kc6 46. fxe5 Bxe5
47. Rd1 Qd7 48. Qa6+ Nb6 49. b4 Qb7 50. Qd3 Rd7 51. b5+ Kc7 52. axb6+ Kxb6 53.
Rxe5 dxe5 54. Qxd7 Qxd7 55. Rxd7 1/2-1/2

[Event "Team men HL chess 2016"]
[Site "Sochi"]
[Date "2016.05.09"]
[Round "8.9"]
[White "Nozdrachev, Vladislav"]
[Black "Taysayev, Timur"]
[Result "0-1"]
[WhiteElo "2465"]
[BlackElo "2231"]
[PlyCount "126"]
[EventDate "2016.05.01"]

1. e4 c5 2. Nf3 d6 3. d4 cxd4 4. Nxd4 Nf6 5. Nc3 Nc6 6. Bc4 e6 7. Bb3 a6 8. Be3
Qc7 9. Qe2 Na5 10. O-O-O b5 11. f4 Bb7 12. f5 Nxb3+ 13. Nxb3 Nxe4 14. Nxe4 Bxe4
15. fxe6 fxe6 16. Nd4 e5 17. Rhe1 Rc8 18. Bf4 d5 19. Qh5+ g6 20. Qxe5+ Qxe5 21.
Bxe5 Bh6+ 22. Kb1 O-O 23. Re2 Rf7 24. Rde1 b4 25. b3 Re7 26. Bd6 Rb7 27. Nf3
Rb6 28. Be7 a5 29. Ng5 Bf5 30. Nf3 Bg7 31. Bh4 Rbc6 32. Re8+ Rxe8 33. Rxe8+ Kf7
34. Re7+ Kf8 35. Re2 h6 36. Bd8 Ra6 37. Kc1 Bc3 38. Bc7 Rc6 39. Be5 Re6 40. Kd1
d4 41. h3 d3 42. cxd3 Bxd3 43. Bg7+ Kf7 44. Rxe6 Kxe6 45. Bxc3 bxc3 46. Nd4+
Kd5 47. Nc2 Ke4 48. Ne1 Bb1 49. Kc1 Bxa2 50. Kc2 Ke3 51. Nf3 Kf2 52. Nh4 g5 53.
Nf5 h5 54. h4 gxh4 55. Nxh4 Kg3 56. Ng6 a4 57. bxa4 Bd5 58. Kxc3 Be4 59. Ne5 h4
60. Kd4 Bxg2 61. Ke3 h3 62. Nd3 h2 63. Nf2 Bf1 0-1

[Event "Team men HL chess 2016"]
[Site "Sochi"]
[Date "2016.05.09"]
[Round "8.9"]
[White "Nazaretyan, Tigran"]
[Black "Moskalenko, Alexander"]
[Result "0-1"]
[WhiteElo "2316"]
[BlackElo "2464"]
[PlyCount "120"]
[EventDate "2016.05.01"]

1. Nf3 Nf6 2. g3 d5 3. Bg2 e6 4. O-O c5 5. c4 dxc4 6. Na3 Nc6 7. Nxc4 Be7 8. b3
O-O 9. Bb2 Qc7 10. Nfe5 Bd7 11. e3 Rac8 12. d4 cxd4 13. exd4 Rfd8 14. Rc1 Qb8
15. Qe2 Be8 16. Rfd1 Nb4 17. a3 Nbd5 18. f4 g6 19. Qf3 Rc7 20. g4 b5 21. Na5
Rdc8 22. f5 Rxc1 23. Bxc1 exf5 24. gxf5 Qb6 25. fxg6 hxg6 26. b4 Rxc1 27. Rxc1
Qxd4+ 28. Qf2 Qxe5 29. Re1 Qc3 30. Qg3 Qxg3 31. hxg3 Kf8 32. Bf3 Bd8 33. Kf1
Bb6 34. Re5 Ne3+ 35. Ke2 Nc2 36. Kd3 Nxa3 37. g4 Bd7 38. g5 Ng4 39. Re2 Bf5+
40. Kc3 Ne3 41. Nc6 Nb1+ 42. Kb3 Bd3 43. Rh2 Nf1 44. Rh8+ Kg7 45. Rh3 Nfd2+ 46.
Kb2 Nxf3 47. Rxf3 Be4 48. Rf6 Nd2 49. Kc1 Bxc6 50. Kxd2 Bd5 51. Rf4 Be6 52. Rf3
a5 53. bxa5 Bxa5+ 54. Kc2 b4 55. Kb2 Bc7 56. Re3 Bf4 57. Re4 Bd6 58. Re2 b3 59.
Kb1 Bf4 60. Rg2 Be5 0-1

[Event "Team men HL chess 2016"]
[Site "Sochi"]
[Date "2016.05.09"]
[Round "8.9"]
[White "Sarana, Alexey"]
[Black "Aivazian, Grigory"]
[Result "1-0"]
[WhiteElo "2422"]
[BlackElo "2315"]
[PlyCount "81"]
[EventDate "2016.05.01"]

1. d4 Nf6 2. c4 e6 3. Nf3 b6 4. g3 Bb7 5. Bg2 Be7 6. Nc3 O-O 7. Qc2 c5 8. d5
exd5 9. Nh4 g6 10. cxd5 d6 11. O-O Na6 12. Re1 Re8 13. e4 Bf8 14. Bf4 Nh5 15.
Be3 Bg7 16. Rad1 Nf6 17. h3 Nc7 18. f4 Rb8 19. Bf2 Nd7 20. a4 a6 21. Nf3 b5 22.
h4 b4 23. Nb1 a5 24. h5 Nb6 25. hxg6 hxg6 26. Nbd2 Bc8 27. Nb3 Bd7 28. Nxa5
Bxa4 29. b3 Bb5 30. Nc6 Bxc6 31. dxc6 Bc3 32. Bxc5 Bxe1 33. Nxe1 dxc5 34. Rxd8
Rexd8 35. Qxc5 Ne6 36. Qxb4 Rdc8 37. f5 Nf8 38. Qd6 Ra8 39. fxg6 Nxg6 40. c7
Ra1 41. Bh3 1-0

[Event "Team men HL chess 2016"]
[Site "Sochi"]
[Date "2016.05.09"]
[Round "8.9"]
[White "Tenikashvili, Georgij"]
[Black "Chernobay, Artem"]
[Result "0-1"]
[WhiteElo "2319"]
[BlackElo "2503"]
[PlyCount "70"]
[EventDate "2016.05.01"]

1. d4 Nf6 2. c4 c5 3. d5 e6 4. Nc3 exd5 5. cxd5 d6 6. e4 g6 7. Be2 Bg7 8. Nf3
O-O 9. O-O Re8 10. Nd2 a6 11. a4 Nbd7 12. Qc2 Ne5 13. h3 g5 14. Ra3 Ng6 15. Nc4
g4 16. hxg4 Nxg4 17. Nd1 Nf6 18. Bg5 h6 19. Bxf6 Qxf6 20. a5 Nf4 21. Rg3 Bf5
22. Bf3 Bg6 23. Nde3 h5 24. Qd1 Rad8 25. Nf5 Bxf5 26. exf5 Kf8 27. Bxh5 Re4 28.
Ne3 Rde8 29. Bf3 Rd4 30. Qc2 Rb4 31. b3 Qh6 32. Nc4 Bd4 33. Rg4 f6 34. Nxd6 Re7
35. Nc4 Rh7 0-1

[Event "Team men HL chess 2016"]
[Site "Sochi"]
[Date "2016.05.09"]
[Round "8.10"]
[White "Bezgodov, Alexei"]
[Black "Ponomarenko, Alexandr"]
[Result "1/2-1/2"]
[WhiteElo "2512"]
[BlackElo "2240"]
[PlyCount "81"]
[EventDate "2016.05.01"]

1. Nf3 d5 2. d4 Nf6 3. c4 e6 4. g3 Be7 5. Bg2 O-O 6. O-O dxc4 7. Qc2 a6 8. a4
Bd7 9. Qxc4 Bc6 10. Bg5 Nbd7 11. Nc3 h6 12. Bxf6 Nxf6 13. Ne5 Bxg2 14. Kxg2 Qd6
15. Rfd1 c5 16. Qxc5 Qxc5 17. dxc5 Bxc5 18. Nd7 Nxd7 19. Rxd7 Rab8 20. Ne4 Bb4
21. Rc1 b5 22. axb5 Rxb5 23. g4 Rbb8 24. h4 Rfd8 25. Ra7 Ra8 26. Rcc7 Rxa7 27.
Rxa7 a5 28. g5 Rd4 29. Kf3 hxg5 30. Nxg5 Rxh4 31. Nxf7 Rh5 32. Kg4 Rf5 33. Ng5
Rxf2 34. Ra8+ Rf8 35. Ra7 Rf2 36. Ra8+ Rf8 37. Ra7 Rf2 38. Ra8+ Rf8 39. Ra7 Rf2
40. Ra8+ Rf8 41. Ra7 1/2-1/2

[Event "Team men HL chess 2016"]
[Site "Sochi"]
[Date "2016.05.09"]
[Round "8.10"]
[White "Dulenko, Maxim"]
[Black "Vokarev, Sergey"]
[Result "0-1"]
[WhiteElo "2148"]
[BlackElo "2461"]
[PlyCount "72"]
[EventDate "2016.05.01"]

1. e4 c5 2. Nf3 Nc6 3. Bb5 g6 4. Nc3 Bg7 5. Bxc6 bxc6 6. Qe2 e5 7. d3 d6 8. h3
Nf6 9. O-O O-O 10. Bg5 h6 11. Bxf6 Qxf6 12. Nd2 Qg5 13. Qf3 Qe7 14. Qe2 Rb8 15.
Na4 h5 16. c4 Bh6 17. Rfd1 Kh7 18. b3 Be6 19. Nf1 Rb7 20. Ne3 Qe8 21. Kf1 f5
22. f3 Rbf7 23. Kg1 Qe7 24. Nf1 Bg5 25. Nc3 f4 26. Qb2 Bh4 27. Ne2 g5 28. Nh2
Bg3 29. Nxg3 fxg3 30. Nf1 g4 31. Nxg3 gxf3 32. Rd2 Qg5 33. Nf5 Bxf5 34. exf5
Rxf5 35. Kh1 fxg2+ 36. Rxg2 Rf1+ 0-1

[Event "Team men HL chess 2016"]
[Site "Sochi"]
[Date "2016.05.09"]
[Round "8.10"]
[White "Ozgibcev, Anatoly"]
[Black "Kayukov, Kirill"]
[Result "1-0"]
[WhiteElo "2375"]
[BlackElo "2166"]
[PlyCount "129"]
[EventDate "2016.05.01"]

1. Nf3 e6 2. g3 d5 3. Bg2 f5 4. O-O Nf6 5. d3 Be7 6. Nbd2 O-O 7. c4 c6 8. b3
Bd7 9. Bb2 Be8 10. Rc1 Bh5 11. Qc2 Na6 12. Qb1 Bb4 13. Rc2 Qa5 14. Qc1 Rae8 15.
a3 Bd6 16. b4 Qd8 17. Qa1 f4 18. Re1 Qe7 19. Be5 Bxe5 20. Nxe5 Nd7 21. Ndf3
Nab8 22. Qd4 dxc4 23. Nxc4 fxg3 24. hxg3 b6 25. Qh4 Qxh4 26. Nxh4 e5 27. Nd6
Re6 28. Ne4 Nf6 29. Bh3 Ree8 30. Nxf6+ Rxf6 31. Bg2 Ref8 32. Rf1 Rd6 33. Rfc1
Rff6 34. Kf1 Kf8 35. Be4 h6 36. Ke1 Be8 37. Nf5 Rde6 38. Ne3 Rd6 39. Rc4 Bf7
40. R4c3 Be8 41. Rc4 Bf7 42. R4c2 Be8 43. Bg2 h5 44. Rc4 Bf7 45. R4c2 Be8 46.
Nc4 Rde6 47. Nd2 Bg6 48. Rc4 Rd6 49. Rh4 Ke7 50. Nc4 Rde6 51. Bh3 Bf5 52. Rxh5
Bxh3 53. Rxh3 e4 54. dxe4 Rxe4 55. Rh8 Nd7 56. Ra8 Rh6 57. Kd2 Rh2 58. Kd3 Re6
59. Rxa7 Kd8 60. Rd1 Rxf2 61. Kc3 Rf7 62. Nxb6 Re3+ 63. Kc4 Re4+ 64. Kb3 Re3+
65. Ka4 1-0

[Event "Team men HL chess 2016"]
[Site "Sochi"]
[Date "2016.05.09"]
[Round "8.10"]
[White "Tereshechkina, Maya"]
[Black "Murzin, Volodar"]
[Result "1-0"]
[WhiteElo "2065"]
[BlackElo "2170"]
[PlyCount "79"]
[EventDate "2016.05.01"]

1. d4 Nf6 2. Nf3 g6 3. Nbd2 d5 4. e3 Bg7 5. b4 a5 6. b5 O-O 7. Bd3 c5 8. bxc6
Nxc6 9. O-O Nb4 10. Bb5 Bf5 11. c3 Nc6 12. a4 Rc8 13. Qb3 Qc7 14. Bb2 Rfd8 15.
Rfc1 e5 16. dxe5 Nxe5 17. Nxe5 Qxe5 18. c4 Qd6 19. cxd5 Ng4 20. h3 Qh2+ 21. Kf1
Ne5 22. e4 Bxe4 23. Nxe4 Qh1+ 24. Ke2 Qxg2 25. Qe3 Ng4 26. hxg4 Bxb2 27. Rg1
Qh2 28. Rad1 Rc2+ 29. Kf1 Qe5 30. g5 Kf8 31. d6 h6 32. d7 hxg5 33. Qxg5 Qc7 34.
Nf6 Rxf2+ 35. Kxf2 Qb6+ 36. Qe3 Qxf6+ 37. Kg2 Be5 38. Rge1 Bf4 39. Qc5+ Kg7 40.
Qd4 1-0

[Event "Team men HL chess 2016"]
[Site "Sochi"]
[Date "2016.05.09"]
[Round "8.11"]
[White "Grishchenko, Sergey"]
[Black "Vasilyev, Vasily"]
[Result "1-0"]
[WhiteElo "2441"]
[BlackElo "2308"]
[PlyCount "75"]
[EventDate "2016.05.01"]

1. d4 d5 2. c4 e6 3. Nc3 c6 4. e4 dxe4 5. Nxe4 Bb4+ 6. Nc3 Nf6 7. a3 Bxc3+ 8.
bxc3 Qa5 9. Bd2 Ne4 10. Nf3 O-O 11. Bd3 Nxd2 12. Qxd2 c5 13. O-O cxd4 14. Qc2
dxc3 15. Bxh7+ Kh8 16. Rfe1 Nc6 17. Be4 f5 18. Bxc6 bxc6 19. Ne5 Kg8 20. Nxc6
Qc5 21. Ne5 Qa5 22. Re3 Ba6 23. Qxc3 Qxc3 24. Rxc3 Rfd8 25. c5 Rd5 26. f4 Rc8
27. c6 Rc7 28. Rb1 Kf8 29. Rb8+ Bc8 30. Rh3 Ke7 31. Rh8 Ba6 32. h4 Kd6 33.
Rhd8+ Kc5 34. Rd7 Rc8 35. Rxc8 Bxc8 36. Rxa7 Kd6 37. Rxg7 Rd4 38. Ng6 1-0

[Event "Team men HL chess 2016"]
[Site "Sochi"]
[Date "2016.05.09"]
[Round "8.11"]
[White "Ganzhurov, Roman"]
[Black "Potapov, Alexey"]
[Result "0-1"]
[WhiteElo "2241"]
[BlackElo "2368"]
[PlyCount "56"]
[EventDate "2016.05.01"]

1. e4 e5 2. Nf3 Nc6 3. Bb5 Nge7 4. c3 g6 5. d4 exd4 6. cxd4 Bg7 7. Nc3 O-O 8.
d5 a6 9. Be2 Ne5 10. Nxe5 Bxe5 11. Bh6 Re8 12. h4 d6 13. h5 c6 14. hxg6 hxg6
15. f4 Bh8 16. Bg5 Bg7 17. f5 gxf5 18. Bc4 Qb6 19. Qh5 Qxb2 20. Rc1 Bxc3+ 21.
Rxc3 Qxc3+ 22. Bd2 Qg7 23. dxc6 d5 24. Rh3 Be6 25. cxb7 Rad8 26. Bxa6 fxe4 27.
Bb5 Bxh3 28. Bxe8 Qg3+ 0-1

[Event "Team men HL chess 2016"]
[Site "Sochi"]
[Date "2016.05.09"]
[Round "8.11"]
[White "Pogosian, Georgy"]
[Black "Mestnikov, Aisen"]
[Result "1-0"]
[WhiteElo "2184"]
[BlackElo "2197"]
[PlyCount "101"]
[EventDate "2016.05.01"]

1. c4 c6 2. d4 d5 3. Nf3 Nf6 4. Nc3 e6 5. Qd3 Nbd7 6. e4 Bb4 7. e5 Ne4 8. Bd2
Nxd2 9. Qxd2 dxc4 10. Bxc4 Nb6 11. Bd3 Nd5 12. O-O h6 13. a3 Be7 14. Rfe1 b6
15. Re4 g5 16. h4 Rg8 17. hxg5 hxg5 18. Rg4 Nxc3 19. bxc3 Bb7 20. a4 c5 21.
Bb5+ Kf8 22. Qe3 Rc8 23. Bf1 cxd4 24. cxd4 Bxf3 25. Qxf3 Rh8 26. Rd1 Qd5 27.
Qe3 f5 28. exf6 Bd6 29. Ba6 Bh2+ 30. Kf1 Bf4 31. Qa3+ Bd6 32. Qd3 Rc7 33. Bb5
Bb4 34. Qg6 Rh1+ 35. Ke2 Qa2+ 36. Kf3 Rc3+ 37. Rd3 Qd5+ 38. Qe4 Rxd3+ 39. Bxd3
Qxe4+ 40. Rxe4 Re1 41. Be2 Bc3 42. Kg4 Bxd4 43. Rxd4 Rxe2 44. Kxg5 Rxf2 45. g4
e5 46. Rd8+ Kf7 47. Rd7+ Ke6 48. Re7+ Kd6 49. Rxa7 e4 50. Re7 Kd5 51. Kg6 1-0

[Event "Team men HL chess 2016"]
[Site "Sochi"]
[Date "2016.05.09"]
[Round "8.11"]
[White "Mestnikov, Aital"]
[Black "Parfenov, Viktor N"]
[Result "0-1"]
[WhiteElo "2188"]
[BlackElo "2167"]
[PlyCount "88"]
[EventDate "2016.05.01"]

1. e4 e6 2. d4 d5 3. Nc3 Nf6 4. Bg5 Be7 5. e5 Nfd7 6. h4 c5 7. Nb5 Nc6 8. Nd6+
Kf8 9. Bxe7+ Kxe7 10. Qh5 Qa5+ 11. c3 cxd4 12. Qxf7+ Kd8 13. Qxg7 Rf8 14. Qg5+
Kc7 15. b4 Qb6 16. Nf3 dxc3 17. Be2 a6 18. O-O Ncxe5 19. Nxe5 Qxd6 20. Nd3 a5
21. b5 e5 22. Rac1 d4 23. Bf3 Qg6 24. Qxg6 hxg6 25. Rfe1 Kd6 26. a4 Ra7 27. Be4
Rf6 28. g4 Nc5 29. Nxc5 Kxc5 30. g5 Re6 31. Re2 b6 32. Rce1 Rae7 33. h5 gxh5
34. Bf5 Rg7 35. f4 Kc4 36. Bxe6+ Bxe6 37. Rxe5 Bd5 38. Kf2 h4 39. Re7 Rxe7 40.
Rxe7 c2 41. g6 h3 42. Kg3 d3 43. Rd7 d2 44. Rxd5 d1=Q 0-1

[Event "Team men HL 2016"]
[Site "Sochi"]
[Date "2016.05.10"]
[Round "9.2"]
[White "Paravyan, David"]
[Black "Chigaev, Maksim"]
[Result "1-0"]
[LiveChessVersion "1.4.4"]
[BlackElo "2552"]
[WhiteElo "2497"]

1. Nf3 {[%clk 1:30:50]} Nf6 {[%clk 1:30:40]} 2. c4 {[%clk 1:31:14]} g6
{[%clk 1:31:07]} 3. Nc3 {[%clk 1:31:40]} Bg7 {[%clk 1:31:35]} 4. e4
{[%clk 1:32:03]} d6 {[%clk 1:32:01]} 5. d4 {[%clk 1:32:30]} O-O {[%clk 1:32:26]}
6. Be2 {[%clk 1:32:57]} Nbd7 {[%clk 1:32:52]} 7. O-O {[%clk 1:33:21]} e5
{[%clk 1:33:19]} 8. Be3 {[%clk 1:33:44]} c6 {[%clk 1:33:43]} 9. d5
{[%clk 1:33:47]} c5 {[%clk 1:34:08]} 10. Bg5 {[%clk 1:33:48]} a6 {[%clk 1:29:39]}
11. Nd2 {[%clk 1:33:27]} Kh8 {[%clk 1:29:52]} 12. a3 {[%clk 1:33:18]} Qc7
{[%clk 1:29:07]} 13. b4 {[%clk 1:32:13]} b6 {[%clk 1:28:59]} 14. Rb1
{[%clk 1:28:01]} Ng8 {[%clk 1:27:28]} 15. Qa4 {[%clk 1:22:14]} f6
{[%clk 1:20:37]} 16. Be3 {[%clk 1:21:45]} Ne7 {[%clk 1:20:08]} 17. bxc5
{[%clk 1:16:00]} Nxc5 {[%clk 1:02:14]} 18. Qb4 {[%clk 1:15:41]} Rb8
{[%clk 1:01:41]} 19. a4 {[%clk 1:15:36]} a5 {[%clk 0:57:47]} 20. Qa3
{[%clk 1:15:11]} Ba6 {[%clk 0:56:06]} 21. Nb3 {[%clk 1:11:53]} Ng8
{[%clk 0:41:19]} 22. Nb5 {[%clk 1:03:50]} Bxb5 {[%clk 0:39:27]} 23. Nxc5
{[%clk 1:04:16]} dxc5 {[%clk 0:33:51]} 24. Rxb5 {[%clk 1:03:32]} Bh6
{[%clk 0:34:14]} 25. Qb2 {[%clk 0:46:21]} Bxe3 {[%clk 0:23:58]} 26. fxe3
{[%clk 0:46:44]} Rb7 {[%clk 0:23:33]} 27. Bg4 {[%clk 0:36:22]} Kg7
{[%clk 0:23:45]} 28. Be6 {[%clk 0:33:46]} Ne7 {[%clk 0:22:45]} 29. g4
{[%clk 0:33:05]} h6 {[%clk 0:20:52]} 30. h4 {[%clk 0:32:42]} g5 {[%clk 0:21:06]}
31. Bf5 {[%clk 0:31:15]} Nc8 {[%clk 0:10:06]} 32. Bxc8 {[%clk 0:27:36]} Rxc8
{[%clk 0:10:13]} 33. Qf2 {[%clk 0:24:48]} Rf8 {[%clk 0:10:08]} 34. Qf5
{[%clk 0:19:38]} Qc8 {[%clk 0:09:48]} 35. Rfb1 {[%clk 0:07:53]} Qxf5
{[%clk 0:09:52]} 36. exf5 {[%clk 0:08:21]} Rfb8 {[%clk 0:10:12]} 37. Kg2
{[%clk 0:08:30]} e4 {[%clk 0:04:47]} 38. Rh1 {[%clk 0:08:17]} Rd8
{[%clk 0:01:32]} 39. Kg3 {[%clk 0:08:26]} Rdb8 {[%clk 0:01:39]} 40. Rhb1
{[%clk 0:33:50]} Kf7 {[%clk 0:31:08]} 41. Rh1 {[%clk 0:34:11]} Kg7
{[%clk 0:28:59]} 42. Rb3 {[%clk 0:32:44]} Rd8 {[%clk 0:27:02]} 43. Rhb1
{[%clk 0:30:11]} Rdb8 {[%clk 0:27:52]} 44. R3b2 {[%clk 0:31:04]} Kf7
{[%clk 0:23:06]} 45. hxg5 {[%clk 0:27:07]} hxg5 {[%clk 0:13:05]} 46. Rh1
{[%clk 0:27:32]} Ke7 {[%clk 0:13:24]} 47. Rh7+ {[%clk 0:25:10]} Kd6
{[%clk 0:13:26]} 48. Rbh2 {[%clk 0:25:17]} b5 {[%clk 0:10:05]} 49. axb5
{[%clk 0:24:02]} a4 {[%clk 0:10:24]} 50. R2h6 {[%clk 0:09:11]} Rxh7
{[%clk 0:10:38]} 51. Rxh7 {[%clk 0:09:38]} Ra8 {[%clk 0:11:01]} 52. b6
{[%clk 0:09:04]} a3 {[%clk 0:11:24]} 53. Ra7 {[%clk 0:09:13]} Rb8
{[%clk 0:11:46]} 54. b7 {[%clk 0:09:34]} Ke7 {[%clk 0:10:14]} 55. Rxa3
{[%clk 0:08:43]} Rxb7 {[%clk 0:10:38]} 56. Ra5 {[%clk 0:08:41]} Rb2
{[%clk 0:10:41]} 57. Rxc5 {[%clk 0:08:06]} Re2 {[%clk 0:11:06]} 58. Rc6
{[%clk 0:07:13]} Rxe3+ {[%clk 0:11:30]} 59. Kf2 {[%clk 0:07:27]} Rf3+
{[%clk 0:11:58]} 60. Ke2 {[%clk 0:07:53]} Rf4 {[%clk 0:12:25]} 61. Re6+
{[%clk 0:07:59]} Kd7 {[%clk 0:12:32]} 62. c5 {[%clk 0:08:10]} Rxg4
{[%clk 0:13:00]} 63. c6+ {[%clk 0:08:35]} Kc7 {[%clk 0:12:59]} 64. Re7+
{[%clk 0:08:33]} Kb6 {[%clk 0:13:23]} 65. Rb7+ {[%clk 0:08:44]} Ka6
{[%clk 0:13:50]} 66. Rb8 {[%clk 0:08:52]} 1-0

[Event "Team men HL 2016"]
[Site "Sochi"]
[Date "2016.05.10"]
[Round "9.3"]
[White "Rozum, Ivan"]
[Black "Iljiushenok, Ilia"]
[Result "1/2-1/2"]
[LiveChessVersion "1.4.4"]
[BlackElo "2499"]
[WhiteElo "2559"]

1. d4 {[%clk 1:30:57]} d5 {[%clk 1:30:53]} 2. c4 {[%clk 1:31:20]} c6
{[%clk 1:30:56]} 3. Nf3 {[%clk 1:31:41]} Nf6 {[%clk 1:31:18]} 4. e3
{[%clk 1:32:05]} Bf5 {[%clk 1:31:11]} 5. Nc3 {[%clk 1:32:21]} e6 {[%clk 1:31:34]}
6. Nh4 {[%clk 1:32:39]} Bg6 {[%clk 1:31:55]} 7. Nxg6 {[%clk 1:32:53]} hxg6
{[%clk 1:32:20]} 8. Bd3 {[%clk 1:33:06]} Nbd7 {[%clk 1:31:20]} 9. O-O
{[%clk 1:33:19]} Bd6 {[%clk 1:31:00]} 10. h3 {[%clk 1:33:38]} O-O
{[%clk 1:29:58]} 11. Qc2 {[%clk 1:33:25]} dxc4 {[%clk 1:25:43]} 12. Bxc4
{[%clk 1:33:48]} c5 {[%clk 1:25:41]} 13. dxc5 {[%clk 1:31:33]} Bxc5
{[%clk 1:25:43]} 14. Rd1 {[%clk 1:27:15]} Qe7 {[%clk 1:25:56]} 15. Bd2
{[%clk 1:22:42]} Rac8 {[%clk 1:24:57]} 16. Bf1 {[%clk 1:21:32]} Rc7
{[%clk 1:20:32]} 17. Rac1 {[%clk 1:15:53]} Rfc8 {[%clk 1:17:29]} 18. Qb1
{[%clk 1:14:30]} a6 {[%clk 1:16:47]} 19. Ne4 {[%clk 1:08:27]} Bb4
{[%clk 0:54:51]} 20. Rxc7 {[%clk 1:08:40]} Rxc7 {[%clk 0:55:16]} 21. Bc1
{[%clk 1:00:53]} Nxe4 {[%clk 0:52:03]} 22. Qxe4 {[%clk 1:00:16]} Nf6
{[%clk 0:50:07]} 23. Qd3 {[%clk 0:58:46]} Bd6 {[%clk 0:47:15]} 24. g3
{[%clk 0:51:07]} e5 {[%clk 0:31:53]} 25. Bd2 {[%clk 0:46:47]} e4 {[%clk 0:30:27]}
26. Qb3 {[%clk 0:46:47]} Be5 {[%clk 0:16:01]} 27. Bb4 {[%clk 0:36:10]} Qe8
{[%clk 0:07:31]} 28. Ba3 {[%clk 0:27:11]} Qc6 {[%clk 0:06:35]} 29. Qb4
{[%clk 0:23:41]} Rc8 {[%clk 0:05:53]} 30. Qe7 {[%clk 0:21:19]} Qc7
{[%clk 0:06:15]} 31. b3 {[%clk 0:18:28]} b5 {[%clk 0:03:35]} 32. Bg2
{[%clk 0:15:05]} a5 {[%clk 0:02:58]} 33. Rc1 {[%clk 0:13:44]} Bc3
{[%clk 0:03:27]} 34. Qxc7 {[%clk 0:10:10]} Rxc7 {[%clk 0:03:56]} 35. Bd6
{[%clk 0:10:21]} Rd7 {[%clk 0:03:56]} 36. Rxc3 {[%clk 0:09:21]} Rxd6
{[%clk 0:04:25]} 37. Rc8+ {[%clk 0:09:20]} Kh7 {[%clk 0:04:51]} 38. Ra8
{[%clk 0:09:27]} Rd1+ {[%clk 0:01:55]} 39. Bf1 {[%clk 0:09:41]} Nd5
{[%clk 0:01:55]} 40. Rxa5 {[%clk 0:39:22]} b4 {[%clk 0:30:45]} 41. a3
{[%clk 0:28:32]} bxa3 {[%clk 0:26:25]} 42. Rxa3 {[%clk 0:26:51]} f5
{[%clk 0:26:18]} 43. Ra8 {[%clk 0:13:00]} 1/2-1/2